|
|
|
|
| LEADER |
00899ncm a22002292a 4500 |
| 001 |
000567342 |
| 003 |
CZ BrMZK |
| 005 |
20120607141701.0 |
| 007 |
qu |
| 008 |
000105s1958 xr f zxx d |
| 040 |
|
|
|a BOA001
|b cze
|
| 072 |
|
7 |
|a 787
|x Hudba pro strunné a smyčcové nástroje
|2 Konspekt
|9 9
|
| 100 |
1 |
|
|a Dobrodinský, Bedřich,
|d 1896-1979
|7 jk01022448
|4 cmp
|
| 245 |
1 |
0 |
|a Dueta ve snadném slohu
|h [hudebnina] :
|b pro housle /
|c Bedřich Dobrodinský
|
| 250 |
|
|
|a 1. vyd.
|
| 260 |
|
|
|a Praha :
|b Státní nakladatelství krásné literatury, hudby a umění,
|c 1958
|
| 300 |
|
|
|a 15, 13 s.
|
| 910 |
|
|
|a BOA001
|b PK-N-0003.688
|b Mus4-0395.204
|
| 964 |
|
|
|a Housle - dueta
|
| 990 |
|
|
|a MU
|
| 996 |
7 |
|
|b 2619621350
|c Mus4-0395.204
|l MZK
|r Sklad / do 1 hodiny
|n 2
|w 000567342
|u 000020
|a 1
|e BOA001
|j MZK50
|s A
|
| 996 |
7 |
|
|b 3119671782
|c PK-N-0003.688
|l MZK
|r Sklad / do 1 hodiny
|n 2
|w 000567342
|u 000010
|a 1
|e BOA001
|j MZK50
|s A
|